[Event "ProMoPro2004"]
[Site "Praha"]
[Date "2004.09.11"]
[Round "1.29"]
[White "Mejzlik, Ondrej"]
[Black "Cozl, Miroslav"]
[Result "1-0"]
[WhiteElo "2165"]
[BlackElo "1525"]
[PlyCount "37"]
[EventDate "2004.09.11"]

1. c4 Nf6 2. Nc3 e5 3. g3 c6 4. e4 Bb4 5. Bg2 h6 6. Nge2 d6 7. O-O O-O 8. h3
Be6 9. d3 Qc8 10. Kh2 Bxc3 11. Nxc3 Na6 12. f4 exf4 13. Bxf4 Qd7 14. Bxh6 Nh7
15. Be3 f5 16. exf5 Rxf5 17. Be4 Rxf1 18. Qxf1 Rf8 19. Bxh7+ 1-0

[Event "ProMoPro2004"]
[Site "Praha"]
[Date "2004.09.11"]
[Round "1.19"]
[White "Slovak, Pavel"]
[Black "Hampel, Rudolf"]
[Result "1-0"]
[WhiteElo "2100"]
[BlackElo "1785"]
[PlyCount "49"]
[EventDate "2004.09.11"]

1. e4 c5 2. Nf3 e6 3. d4 cxd4 4. Nxd4 Nf6 5. Nc3 Bb4 6. Bd3 Nc6 7. Nxc6 bxc6 8.
e5 Nd5 9. Qg4 O-O 10. Bh6 g6 11. Bxf8 Kxf8 12. O-O Qa5 13. Ne4 Be7 14. a3 Qc7
15. c4 Nb6 16. Qf4 Kg7 17. Ng5 Bxg5 18. Qxg5 d6 19. Qf6+ Kg8 20. exd6 Qxd6 21.
Rad1 Qc7 22. Bxg6 Ba6 23. Bxh7+ Kxh7 24. Rd4 Kg8 25. Rh4 {cerny se vzdal} 1-0

[Event "ProMoPro2004"]
[Site "Praha"]
[Date "2004.09.11"]
[Round "1.7"]
[White "Vedral, Oldrich"]
[Black "Trnka, Jaroslav"]
[Result "1/2-1/2"]
[WhiteElo "2280"]
[BlackElo "1880"]
[PlyCount "36"]
[EventDate "2004.09.11"]

1. d4 Nf6 2. c4 g6 3. Nc3 d5 4. Nf3 Bg7 5. g3 O-O 6. Bg2 c6 7. O-O Bf5 8. Qb3
Qb6 9. Qxb6 axb6 10. cxd5 Nxd5 11. Nxd5 cxd5 12. Bf4 Nc6 13. e3 e6 14. Bc7 b5
15. a3 Rfc8 16. Bd6 Na5 17. Bb4 Nb3 18. Ra2 Nc1 1/2-1/2

[Event "ProMoPro2004"]
[Site "Praha"]
[Date "2004.09.11"]
[Round "1.18"]
[White "Cebis, Petr"]
[Black "Novak, Vaclav"]
[Result "1/2-1/2"]
[WhiteElo "1850"]
[BlackElo "2105"]
[PlyCount "33"]
[EventDate "2004.09.11"]

1. e4 g6 2. d4 Bg7 3. f4 d5 4. e5 Nh6 5. Nf3 O-O 6. Bd3 c5 7. c3 cxd4 8. cxd4
Nc6 9. Nc3 Bg4 10. Be3 Nf5 11. Bxf5 Bxf5 12. Qb3 e6 13. O-O Na5 14. Qd1 Nc4 15.
Qe2 Rc8 16. Rac1 h5 17. b3 {remis} 1/2-1/2

[Event "ProMoPro2004"]
[Site "Praha"]
[Date "2004.09.11"]
[Round "1.11"]
[White "Sodoma, Jan"]
[Black "Nosek, Filip"]
[Result "1/2-1/2"]
[WhiteElo "2203"]
[BlackElo "1927"]
[PlyCount "59"]
[EventDate "2004.09.11"]

1. e4 e5 2. Nc3 Nc6 3. Bc4 Nf6 4. d3 Bb4 5. Bg5 h6 6. Bxf6 Bxc3+ 7. bxc3 Qxf6
8. Ne2 d6 9. O-O O-O 10. Qd2 Na5 11. Bb3 Nxb3 12. axb3 g5 13. f3 Be6 14. d4 a5
15. c4 b6 16. Ra3 Rad8 17. d5 Bd7 18. c3 Rb8 19. b4 axb4 20. cxb4 Rfc8 21. g3
Ra8 22. Rfa1 Qd8 23. f4 f6 24. fxg5 fxg5 25. Kg2 Rxa3 26. Rxa3 Ra8 27. Qa2 Rxa3
28. Qxa3 Kg7 29. c5 bxc5 30. bxc5 {remis} 1/2-1/2

[Event "ProMoPro2004"]
[Site "Praha"]
[Date "2004.09.11"]
[Round "1.28"]
[White "Janota, Jiri"]
[Black "Kamenik, Robert"]
[Result "0-1"]
[WhiteElo "1559"]
[BlackElo "2027"]
[PlyCount "64"]
[EventDate "2004.09.11"]

1. e4 e5 2. Nf3 Nc6 3. Bc4 Nf6 4. Ng5 d5 5. exd5 Na5 6. Bb5+ c6 7. dxc6 bxc6 8.
Be2 h6 9. Nf3 e4 10. Ne5 Qd4 11. f4 exf3 12. Nxf3 Qb6 13. d3 c5 14. a3 Bd6 15.
O-O O-O 16. Kh1 Bb7 17. Nc3 Rae8 18. Rb1 Qc7 19. Nb5 Qb8 20. Nxd6 Qxd6 21. Nh4
Qe5 22. Bf3 Bc8 23. b4 Nb7 24. Bxb7 Bxb7 25. Bb2 Qg5 26. Bxf6 gxf6 27. bxc5 Bc8
28. Rb4 Kh7 29. Rbf4 Rg8 30. d4 Bb7 31. Qd3+ Kh8 32. Qh3 32... Qxf4 {
bily se vzdal} 0-1

[Event "ProMoPro2004"]
[Site "Praha"]
[Date "2004.09.11"]
[Round "1.23"]
[White "Jansa, Vaclav"]
[Black "Hornicek, Ondrej"]
[Result "0-1"]
[WhiteElo "2076"]
[BlackElo "1681"]
[PlyCount "74"]
[EventDate "2004.09.11"]

1. e4 d6 2. d4 Nf6 3. Nc3 g6 4. Nf3 Bg7 5. Bg5 c6 6. Qd2 h6 7. Be3 b5 8. Bd3 b4
9. Ne2 a5 10. O-O Bg4 11. c4 Bxf3 12. gxf3 d5 13. e5 Nh7 14. Bxh6 Bxh6 15. Qxh6
e6 16. f4 dxc4 17. Be4 Kd7 18. Rac1 Nf6 19. Qxh8 Qxh8 20. exf6 Qxf6 21. Rxc4 g5
22. fxg5 Qxg5+ 23. Ng3 f5 24. f4 Qg7 25. Bg2 Ra6 26. b3 Rb6 27. Rfc1 Kd6 28. d5
cxd5 29. Bxd5 exd5 30. Kf2 Qg4 31. Rd4 Nc6 32. Rd2 Qxf4+ 33. Ke2 Qg4+ 34. Ke1
Ne5 35. Kf1 Qf4+ 36. Ke2 Qf3+ 37. Ke1 37... Nd3+ {bily se vzdal} 0-1

[Event "ProMoPro2004"]
[Site "Praha"]
[Date "2004.09.11"]
[Round "1.13"]
[White "Benes, Petr"]
[Black "Listopad, Martin"]
[Result "1-0"]
[WhiteElo "2140"]
[BlackElo "1882"]
[PlyCount "80"]
[EventDate "2004.09.11"]

1. c4 Nf6 2. Nf3 d6 3. d4 g6 4. Nc3 Bg7 5. Bg5 h6 6. Bh4 O-O 7. e3 c5 8. Be2
Bd7 9. O-O cxd4 10. exd4 Qa5 11. a3 a6 12. b4 Qh5 13. Bg3 Bg4 14. h3 Bxh3 15.
Nh2 Qf5 16. Re1 Bxg2 17. Kxg2 h5 18. Bf3 Qd7 19. c5 d5 20. Na4 Nc6 21. Nb6 Qf5
22. Nxa8 Rxa8 23. Be5 Qg5+ 24. Kh1 Qh4 25. Bg3 Qh3 26. Bg2 Qf5 27. Ra2 g5 28.
Be5 h4 29. Qf3 Qg6 30. Bh3 e6 31. Qe3 Bh6 32. Bxf6 g4 33. Qe2 Qxf6 34. Nxg4 Qf4
35. Nxh6+ Qxh6 36. Qg4+ Kf8 37. Rae2 Qf6 38. Rg1 Nxd4 39. Re3 Re8 40. Qg8+
40... Ke7 {cerny se vzdal} 1-0

[Event "ProMoPro2004"]
[Site "Praha"]
[Date "2004.09.11"]
[Round "1.27"]
[White "Svoboda, Vaclav"]
[Black "Nemec, Vaclav"]
[Result "1-0"]
[WhiteElo "2042"]
[BlackElo "1594"]
[PlyCount "43"]
[EventDate "2004.09.11"]

1. e4 e5 2. Nf3 Nc6 3. d4 exd4 4. Nxd4 Bc5 5. Be3 Qf6 6. c3 Nge7 7. g3 d5 8.
Bg2 Bxd4 9. cxd4 dxe4 10. Nc3 Nf5 11. Nxe4 Qe7 12. O-O Nxe3 13. fxe3 O-O 14.
Qb3 Qb4 15. Nc5 Qxb3 16. axb3 Re8 17. Kf2 a6 18. Rfc1 Nd8 19. b4 c6 20. b5 cxb5
21. Nxa6 Bh3 22. Nc7 {cerny se vzdal
} 1-0

[Event "ProMoPro2004"]
[Site "Praha"]
[Date "2004.09.11"]
[Round "1.20"]
[White "Zatko, Michal"]
[Black "Mejzlik, Vojtech"]
[Result "0-1"]
[WhiteElo "1768"]
[BlackElo "2097"]
[PlyCount "58"]
[EventDate "2004.09.11"]

1. e4 c5 2. Nf3 Nc6 3. d4 cxd4 4. Nxd4 Nf6 5. Nc3 e5 6. Ndb5 d6 7. a4 a6 8. Na3
Be6 9. Bc4 Be7 10. O-O O-O 11. Kh1 Bxc4 12. Nxc4 Nxe4 13. Nd5 Rb8 14. f3 Nf6
15. Nxf6+ Bxf6 16. Qxd6 Qxd6 17. Nxd6 Rfd8 18. Ne4 Be7 19. Be3 Nd4 20. c3 Nc2
21. Bb6 Nxa1 22. Bxd8 Rxd8 23. Rxa1 f5 24. Nf2 Rd2 25. Nd1 Bc5 26. b4 Ba7 27.
a5 e4 28. c4 Bd4 29. Rb1 29... e3 {bily se vzdal} 0-1

[Event "ProMoPro2004"]
[Site "Praha"]
[Date "2004.09.11"]
[Round "1.15"]
[White "Srba, Milan"]
[Black "Hoskovec, Josef"]
[Result "1-0"]
[WhiteElo "2137"]
[BlackElo "1864"]
[PlyCount "55"]
[EventDate "2004.09.11"]

1. e4 e6 2. d4 d5 3. Nd2 a6 4. Ngf3 c5 5. exd5 exd5 6. dxc5 Bxc5 7. Nb3 Ba7 8.
Bd3 Qe7+ 9. Be2 Nf6 10. O-O O-O 11. Bg5 Nc6 12. c3 Be6 13. Nbd4 Nxd4 14. Nxd4
h6 15. Bh4 g5 16. Bg3 Ne4 17. Bd3 Nxg3 18. fxg3 Bxd4+ 19. cxd4 f5 20. Qh5 Qf6
21. Kh1 Kg7 22. Rae1 Rae8 23. Bxf5 Bf7 24. Qd1 Rxe1 25. Qxe1 Qxd4 26. Qe7 Re8
27. Qxb7 Qc4 28. Bd3 {cerny se vzdal} 1-0

[Event "ProMoPro2004"]
[Site "Praha"]
[Date "2004.09.11"]
[Round "1.16"]
[White "Krivanek, Vladimir"]
[Black "Krischke, Arnold"]
[Result "1-0"]
[WhiteElo "1853"]
[BlackElo "2133"]
[PlyCount "53"]
[EventDate "2004.09.11"]

1. e4 e5 2. Nc3 Nf6 3. Bc4 Bc5 4. Qe2 Nc6 5. Nf3 d6 6. h3 O-O 7. d3 h6 8. Rg1
Be6 9. g4 Bxc4 10. dxc4 Ne8 11. g5 h5 12. Bd2 Qd7 13. O-O-O g6 14. Nd5 Qe6 15.
c3 Nd8 16. Nh4 c6 17. Nf6+ Kh8 18. Nxh5 b5 19. Nf6 Qxc4 20. Qg4 Qxa2 21. Nxg6+
Kg7 22. Nh5+ Kg8 23. Ne7+ Kh8 24. Qh4 Qa1+ 25. Kc2 Qa4+ 26. Kb1 Bxf2 27. Ng3+ {
cerny se vzdal} 1-0

[Event "ProMoPro2004"]
[Site "Praha"]
[Date "2004.09.11"]
[Round "1.24"]
[White "Neumanova, Monika"]
[Black "Kubikova, Alena"]
[Result "1/2-1/2"]
[WhiteElo "1672"]
[BlackElo "2067"]
[PlyCount "47"]
[EventDate "2004.09.11"]

1. d4 Nf6 2. c4 c5 3. d5 b5 4. cxb5 a6 5. bxa6 Bxa6 6. Nf3 g6 7. Nc3 d6 8. e4
Bxf1 9. Kxf1 Nbd7 10. g3 Bg7 11. Kg2 O-O 12. Re1 Ng4 13. Qc2 Ra6 14. b3 Qa8 15.
a4 Rb8 16. Bb2 c4 17. bxc4 Nc5 18. Ra2 Rb4 19. Nd1 Raxa4 20. Rxa4 Qxa4 21. Qxa4
Nxa4 22. Bxg7 Kxg7 23. Nd2 Nb6 24. Ne3 {remis} 1/2-1/2

[Event "ProMoPro2004"]
[Site "Praha"]
[Date "2004.09.11"]
[Round "1.26"]
[White "Istel, Oldrich"]
[Black "Tejkal, Jiri"]
[Result "0-1"]
[WhiteElo "1668"]
[BlackElo "2048"]
[PlyCount "92"]
[EventDate "2004.09.11"]

1. d4 Nf6 2. Nf3 g6 3. Bf4 Bg7 4. e3 O-O 5. Bd3 d6 6. h3 c5 7. c3 Nc6 8. Nbd2
e5 9. Bh2 exd4 10. cxd4 cxd4 11. exd4 Re8+ 12. Be2 Qb6 13. Nb3 Qb4+ 14. Qd2 Bf5
15. Bf4 Nd5 16. Be3 Nxe3 17. fxe3 Rxe3 18. Qxb4 Nxb4 19. Kf2 Re7 20. a3 Nd5 21.
Bc4 Nb6 22. Nbd2 Rc8 23. Bb3 Bh6 24. g4 Bd3 25. g5 Re2+ 26. Kg3 Bg7 27. Rhe1
Rce8 28. Rac1 Rxe1 29. Nxe1 Bf5 30. Nef3 Rc8 31. Re1 Kf8 32. h4 d5 33. Kf4 Nc4
34. Nxc4 dxc4 35. Ba4 a6 36. h5 b5 37. Bd1 h6 38. Nh4 Bd3 39. hxg6 fxg6 40. Re6
hxg5+ 41. Kxg5 Kf7 42. Rxa6 Bxd4 43. a4 b4 44. a5 c3 45. Bb3+ Kg7 46. bxc3
46... Be3+ {bily se vzdal} 0-1

[Event "ProMoPro2004"]
[Site "Praha"]
[Date "2004.09.11"]
[Round "1.8"]
[White "Slechta, Karel"]
[Black "Londyn, Radek"]
[Result "0-1"]
[WhiteElo "1957"]
[BlackElo "2078"]
[PlyCount "108"]
[EventDate "2004.09.11"]

1. e4 c5 2. Nf3 e6 3. d4 cxd4 4. Nxd4 a6 5. c4 Nf6 6. Nc3 Bb4 7. Bd3 Nc6 8.
Nxc6 dxc6 9. O-O e5 10. Qb3 Bc5 11. Bg5 h6 12. Bh4 g5 13. Bg3 Qe7 14. Na4 Bd4
15. Nb6 Rb8 16. Nxc8 Rxc8 17. Kh1 h5 18. f3 h4 19. Bf2 Rd8 20. Bxd4 Rxd4 21.
Be2 Nh5 22. Rfe1 Rd2 23. Bf1 Qc5 24. Qe3 Qxe3 25. Rxe3 Rxb2 26. Rb3 Rxb3 27.
axb3 Ke7 28. Rd1 Nf4 29. Kg1 Ne6 30. b4 Rd8 31. Rxd8 Kxd8 32. c5 a5 33. bxa5
Nxc5 34. Bc4 f6 35. Kf2 Kc7 36. g3 Kd6 37. Ke3 Na4 38. f4 Kc5 39. a6 bxa6 40.
Bxa6 Nb6 41. fxg5 fxg5 42. gxh4 gxh4 43. Kf3 Kd4 44. Kg4 c5 45. Kxh4 c4 46.
Bxc4 Nxc4 47. Kg4 Kxe4 48. h4 Ne3+ 49. Kg5 Kd5 50. h5 Ke6 51. h6 Kf7 52. h7 Kg7
53. h8=Q+ Kxh8 54. Kf6 54... Nc4 {bily se vzdal
} 0-1

[Event "ProMoPro2004"]
[Site "Praha"]
[Date "2004.09.11"]
[Round "1.6"]
[White "Nepustil, Frantisek"]
[Black "Virostko, Petr"]
[Result "0-1"]
[WhiteElo "1979"]
[BlackElo "2290"]
[PlyCount "75"]
[EventDate "2004.09.11"]

1. g3 e5 2. Bg2 d5 3. d3 Nf6 4. Nf3 Bd6 5. c3 Nbd7 6. O-O O-O 7. Nbd2 Re8 8. e4
c6 9. Qc2 a5 10. Re1 h6 11. Nf1 Nc5 12. N3d2 Bf8 13. Nb3 a4 14. Nxc5 Bxc5 15.
Be3 d4 16. cxd4 Bxd4 17. Bxd4 Qxd4 18. Nd2 Ra5 19. Nf3 Qb6 20. Nd2 Qd4 21. Nf3
Qa7 22. h3 Rc5 23. Qe2 Rb5 24. Qc2 Qb6 25. Re2 Be6 26. Qc3 Rc5 27. Qa3 Rd8 28.
Ne1 Ra5 29. Rc2 Ne8 30. Rac1 Nc7 31. Bf1 Na6 32. Kg2 Nb4 33. Rd2 Nxa2 34. Ra1
Nb4 35. f4 Bb3 36. f5 c5 37. Rf2 Rd6 38. g4 {bily se vzdal
} 0-1

[Event "ProMoPro2004"]
[Site "Praha"]
[Date "2004.09.11"]
[Round "1.4"]
[White "Stodolova, Kristyna"]
[Black "Stehno, Pavel"]
[Result "0-1"]
[WhiteElo "1996"]
[BlackElo "2344"]
[PlyCount "64"]
[EventDate "2004.09.11"]

1. d4 Nf6 2. c4 g6 3. Nc3 Bg7 4. e4 d6 5. Nf3 O-O 6. Be2 Nbd7 7. O-O e5 8. d5
h6 9. b4 a5 10. Ba3 Nh7 11. Nd2 f5 12. Qc2 Rf7 13. Nb5 axb4 14. Bxb4 Bf8 15. a4
Nc5 16. Bxc5 dxc5 17. f4 exf4 18. Rxf4 Bg7 19. Rd1 Qg5 20. g3 Qe7 21. Bd3 Ng5
22. Kh1 Be5 23. Rff1 f4 24. gxf4 Rxf4 25. Rxf4 Bxf4 26. Rf1 Qe5 27. Nf3 Nxf3
28. Rxf3 Bg4 29. Rf1 Rf8 30. Qg2 Qh5 31. Rf2 Be3 32. Be2 32... Rxf2 {
bily se vzdal} 0-1

[Event "ProMoPro2004"]
[Site "Praha"]
[Date "2004.09.11"]
[Round "1.22"]
[White "Ryslink, Daniel"]
[Black "Kastner, Kamil"]
[Result "0-1"]
[WhiteElo "1764"]
[BlackElo "2080"]
[PlyCount "92"]
[EventDate "2004.09.11"]

1. e4 e6 2. d4 d5 3. Nc3 Nf6 4. Bg5 Bb4 5. e5 h6 6. exf6 hxg5 7. fxg7 Rg8 8.
Qh5 Qf6 9. Nf3 Qxg7 10. O-O-O Bxc3 11. bxc3 c5 12. Bd3 g4 13. Ne5 Nc6 14. Rhe1
Nxe5 15. Qxe5 Qxe5 16. Rxe5 Bd7 17. Kd2 O-O-O 18. Rh1 f6 19. Ree1 Rh8 20. h4
gxh3 21. gxh3 Rh4 22. f4 Rdh8 23. Ke3 Rxh3+ 24. Rxh3 Rxh3+ 25. Kf2 c4 26. Bg6
Rxc3 27. Re3 Rxe3 28. Kxe3 b5 29. a3 a5 30. c3 Kc7 31. Bc2 Kb6 32. Kd2 Kc6 33.
Bb1 Kd6 34. Ke3 e5 35. fxe5+ fxe5 36. dxe5+ Kxe5 37. Bg6 b4 38. cxb4 axb4 39.
axb4 d4+ 40. Kd2 c3+ 41. Kc1 Ba4 42. Bd3 Kd5 43. Kb1 Bb3 44. Kc1 Bc4 45. Bg6 d3
46. Be8 46... d2+ {bily se vzdal} 0-1

[Event "ProMoPro2004"]
[Site "Praha"]
[Date "2004.09.11"]
[Round "1.1"]
[White "Petrik, Tomas"]
[Black "Marsalek, Lubos"]
[Result "1-0"]
[WhiteElo "2457"]
[BlackElo "2009"]
[PlyCount "79"]
[EventDate "2004.09.11"]

1. e4 c5 2. Nf3 d6 3. d4 cxd4 4. Nxd4 Nf6 5. Nc3 a6 6. Be2 e5 7. Nb3 Be7 8. O-O
O-O 9. Be3 Be6 10. Qd2 Qc7 11. Rfd1 Nbd7 12. a4 Rac8 13. a5 Rfd8 14. Qe1 Bxb3
15. cxb3 Re8 16. Bc4 Ng4 17. Bd2 Nc5 18. Nd5 Qd8 19. b4 Ne6 20. Nb6 Rc7 21. f3
Nf6 22. Be3 Bf8 23. b3 Qe7 24. Rac1 h6 25. Rc2 Nd4 26. Bxd4 exd4 27. Rdc1 d5
28. Nxd5 Nxd5 29. Bxd5 Rxc2 30. Rxc2 Qxb4 31. Qxb4 Bxb4 32. Rc7 Rd8 33. Rxb7
Bd2 34. Kf2 d3 35. Bxf7+ Kh8 36. Bd5 Bxa5 37. b4 Rc8 38. bxa5 Rc2+ 39. Ke3 d2
40. Ke2 {cerny prekrocil cas} 1-0

[Event "ProMoPro2004"]
[Site "Praha"]
[Date "2004.09.11"]
[Round "1.17"]
[White "Simecek, Bohumil"]
[Black "Benes, Pavel"]
[Result "0-1"]
[WhiteElo "2113"]
[BlackElo "1852"]
[PlyCount "78"]
[EventDate "2004.09.11"]

1. d4 Nf6 2. c4 g6 3. Nc3 Bg7 4. e4 d6 5. Nf3 O-O 6. Be2 e5 7. O-O Nc6 8. d5
Ne7 9. Ne1 Nd7 10. Be3 f5 11. f3 f4 12. Bf2 g5 13. Rc1 a5 14. a3 Kh8 15. b4
axb4 16. axb4 Rg8 17. c5 Nf6 18. Nb5 g4 19. cxd6 cxd6 20. Ra1 Rxa1 21. Qxa1 Bh6
22. Nxd6 Qxd6 23. Bc5 Qd8 24. Qxe5 Ng6 25. Qc3 Bg7 26. Bd4 g3 27. h3 Nh5 28.
Bxg7+ Nxg7 29. Nd3 Qh4 30. Bd1 Bxh3 31. gxh3 Qxh3 32. Qb2 Rf8 33. Qg2 Qh6 34.
Bb3 Nh4 35. Qe2 Qb6+ 36. Nc5 Qxb4 37. Rc1 Qd4+ 38. Kh1 Rc8 39. Qc4 39... Qf2 {
bily se vzdal} 0-1

[Event "ProMoPro2004"]
[Site "Praha"]
[Date "2004.09.11"]
[Round "1.14"]
[White "Hlavnicka, Jan"]
[Black "Kout, Zdenek"]
[Result "0-1"]
[WhiteElo "1864"]
[BlackElo "2139"]
[PlyCount "56"]
[EventDate "2004.09.11"]

1. b3 d5 2. Bb2 Nf6 3. g3 Nbd7 4. Bg2 e5 5. e3 Bd6 6. Ne2 Qe7 7. Nbc3 c6 8. O-O
h5 9. h3 Nf8 10. f4 h4 11. Qe1 hxg3 12. Qxg3 Ng6 13. Nd1 Bd7 14. fxe5 Bxe5 15.
Nf4 Nxf4 16. exf4 Bxb2 17. Nxb2 O-O-O 18. Nd3 Ne4 19. Qe3 Kb8 20. Ne5 Qf6 21.
Rae1 Bf5 22. a4 d4 23. Qd3 Nf2 24. Qc4 Nxh3+ 25. Bxh3 Rxh3 26. Nf3 Qg6+ 27. Kf2
Qg3+ 28. Ke2 28... Bg4 {bily se vzdal} 0-1

[Event "ProMoPro2004"]
[Site "Praha"]
[Date "2004.09.11"]
[Round "1.9"]
[White "Matras, Ondrej"]
[Black "Bohac, Jaroslav"]
[Result "1-0"]
[WhiteElo "2230"]
[BlackElo "1943"]
[PlyCount "77"]
[EventDate "2004.09.11"]

1. d4 d5 2. c4 c6 3. Nc3 Nf6 4. Nf3 g6 5. Bf4 Bg7 6. e3 O-O 7. Rc1 Qa5 8. Bd3
dxc4 9. Bxc4 Nd5 10. Be5 Nd7 11. Bxg7 Kxg7 12. O-O N7b6 13. Bb3 Bg4 14. h3 Bxf3
15. Qxf3 Nxc3 16. Rxc3 Nd7 17. Rfc1 Rad8 18. Qe4 Rfe8 19. Qf3 Qf5 20. Qe2 e5
21. d5 c5 22. e4 Qf6 23. Ba4 b6 24. Qa6 Re7 25. Qxa7 Nb8 26. Qa8 Qd6 27. Bb5 f5
28. f3 Rf8 29. Qa4 fxe4 30. fxe4 Ref7 31. Rf1 Rxf1+ 32. Bxf1 Nd7 33. Be2 Nf6
34. Bf3 h5 35. Ra3 g5 36. Qd1 g4 37. hxg4 hxg4 38. Bxg4 Nxe4 39. Be6 {
cerny se vzdal} 1-0

[Event "ProMoPro2004"]
[Site "Praha"]
[Date "2004.09.11"]
[Round "1.12"]
[White "Novotny, Vladimir"]
[Black "Novotny, Michal"]
[Result "0-1"]
[WhiteElo "1906"]
[BlackElo "2197"]
[PlyCount "56"]
[EventDate "2004.09.11"]

1. e4 c5 2. Nf3 d6 3. d4 cxd4 4. Nxd4 Nf6 5. Nc3 a6 6. Bc4 e6 7. Bb3 Nbd7 8.
O-O Nc5 9. Qe1 b5 10. Bd5 exd5 11. exd5+ Be7 12. Nc6 Qc7 13. Bg5 Bb7 14. Bxf6
gxf6 15. b4 Na4 16. Nxa4 Bxc6 17. Nc3 Bb7 18. Qe3 O-O 19. f4 f5 20. Rf3 Bf6 21.
Rg3+ Kh8 22. Rd1 Rfe8 23. Qf3 Bxc3 24. Qxc3+ Qxc3 25. Rxc3 Rac8 26. Rh3 Rxc2
27. a3 Bxd5 28. Rg3 28... Ree2 {bily se vzdal} 0-1

[Event "ProMoPro2004"]
[Site "Praha"]
[Date "2004.09.11"]
[Round "1.5"]
[White "Pokorny, Petr"]
[Black "Voglova, Eva"]
[Result "1-0"]
[WhiteElo "2292"]
[BlackElo "1988"]
[PlyCount "57"]
[EventDate "2004.09.11"]

1. d4 d5 2. c4 c6 3. Nf3 Nf6 4. Nc3 dxc4 5. a4 Bf5 6. e3 e6 7. Bxc4 Bb4 8. O-O
Nbd7 9. Qe2 Ne4 10. Nxe4 Bxe4 11. Nd2 Bg6 12. Nb3 Nf6 13. f3 O-O 14. e4 Qc7 15.
Bg5 Nd7 16. a5 e5 17. d5 Nc5 18. dxc6 Nxb3 19. Bxb3 Qxc6 20. Bd5 Bc5+ 21. Kh1
Qd7 22. a6 Kh8 23. Be3 Bb6 24. Bxb6 axb6 25. axb7 Ra5 26. Qd2 Qc7 27. Rxa5 bxa5
28. Rc1 Qd7 29. Qc3 {cerny se vzdal} 1-0

[Event "ProMoPro2004"]
[Site "Praha"]
[Date "2004.09.11"]
[Round "1.25"]
[White "Novak, Jindrich"]
[Black "Horak, Karel"]
[Result "1-0"]
[WhiteElo "2059"]
[BlackElo "1671"]
[PlyCount "99"]
[EventDate "2004.09.11"]

1. Nf3 d5 2. e3 Nf6 3. c4 Nc6 4. cxd5 Qxd5 5. Nc3 Qa5 6. Bb5 Bd7 7. d4 e6 8.
O-O a6 9. Bxc6 Bxc6 10. Ne5 Bd7 11. Bd2 Be7 12. Nxd7 Nxd7 13. d5 f5 14. dxe6
Nf8 15. Qh5+ g6 16. Qf3 O-O-O 17. Rfd1 Nxe6 18. Be1 Qe5 19. Rd5 Rxd5 20. Nxd5
Bd6 21. g3 Ng5 22. Qg2 Qe4 23. Qxe4 Nxe4 24. Rc1 Rf8 25. Ba5 Rf7 26. Kg2 g5 27.
Nb6+ Kd8 28. Nc4 b6 29. Be1 f4 30. f3 Nc5 31. Nxd6 cxd6 32. e4 Nd3 33. Rd1
Nxe1+ 34. Rxe1 fxg3 35. hxg3 Rc7 36. Re2 Ke7 37. Kh3 Kf6 38. Rd2 Rc6 39. Kg4
Kg6 40. f4 h5+ 41. Kf3 g4+ 42. Ke3 b5 43. Rd5 Rc2 44. Rxd6+ Kg7 45. Rxa6 Rxb2
46. f5 b4 47. Kf4 Rg2 48. e5 Rc2 49. Kg5 Re2 50. Ra7+ {cerny se vzdal} 1-0

[Event "ProMoPro2004"]
[Site "Praha"]
[Date "2004.09.11"]
[Round "1.30"]
[White "Koncel, Jan"]
[Black "Forman, Miroslav"]
[Result "0-1"]
[WhiteElo "1441"]
[BlackElo "2023"]
[PlyCount "58"]
[EventDate "2004.09.11"]

1. e4 c5 2. Nf3 e6 3. d4 cxd4 4. Nxd4 a6 5. Nc3 d6 6. Bc4 Nf6 7. O-O b5 8. Bd3
Bb7 9. a3 Be7 10. Re1 Nbd7 11. Nf3 O-O 12. Bf4 Nc5 13. h3 Rc8 14. Re3 Qb6 15.
Qe2 Nxd3 16. cxd3 a5 17. Ng5 d5 18. Rg3 d4 19. e5 dxc3 20. exf6 cxb2 21. Rb1
Bxf6 22. Qh5 Bxg5 23. Qxg5 g6 24. Qf6 Qd8 25. Qxb2 f5 26. Qxb5 Bd5 27. h4 Qxh4
28. Bd6 Rfd8 29. Be5 29... Qe7 {bily prekrocil cas} 0-1

[Event "ProMoPro2004"]
[Site "Praha"]
[Date "2004.09.11"]
[Round "1.21"]
[White "Szirmai, Emil"]
[Black "Stepanek, Svatopluk"]
[Result "0-1"]
[WhiteElo "2084"]
[BlackElo "1767"]
[PlyCount "86"]
[EventDate "2004.09.11"]

1. e4 e5 2. Bc4 Nc6 3. Nc3 Nf6 4. Nf3 Be7 5. d4 exd4 6. Nxd4 O-O 7. O-O Nxd4 8.
Qxd4 d6 9. h3 Be6 10. Bxe6 fxe6 11. e5 Nd7 12. exd6 Bxd6 13. Ne4 Nf6 14. Qc4
Nd5 15. Ng5 Qf6 16. Qe4 Qf5 17. Qxe6+ Qxe6 18. Nxe6 Rf6 19. Nd4 Raf8 20. Be3
Nxe3 21. fxe3 Bh2+ 22. Kxh2 Rxf1 23. Rxf1 Rxf1 24. Kg3 c6 25. e4 Kf7 26. Nf5
Ke6 27. Nxg7+ Ke5 28. Nh5 Kxe4 29. Kg4 Rf2 30. g3 h6 31. h4 Ke5 32. Nf4 Kf6 33.
Kh5 Kg7 34. Ne6+ Kh7 35. g4 Re2 36. Nd4 Re5+ 37. Nf5 a5 38. a4 b5 39. b3 b4 40.
c4 bxc3 41. b4 axb4 42. a5 Rxa5 43. g5 43... Rxf5 {bily se vzdal} 0-1

[Event "ProMoPro2004"]
[Site "Praha"]
[Date "2004.09.11"]
[Round "1.10"]
[White "Horinek, Karel"]
[Black "Stross, Frantisek"]
[Result "0-1"]
[WhiteElo "1941"]
[BlackElo "2220"]
[PlyCount "122"]
[EventDate "2004.09.11"]

1. d4 d5 2. c4 c6 3. Nc3 Nf6 4. Nf3 e6 5. Bg5 Nbd7 6. e3 Qa5 7. Nd2 Bb4 8. Qc2
e5 9. dxe5 Ne4 10. Ndxe4 dxe4 11. Bf4 Nxe5 12. Bxe5 Qxe5 13. Rc1 Bf5 14. a3 Bd6
15. g3 O-O 16. Bg2 Rae8 17. Ne2 Bg4 18. Nd4 Kh8 19. c5 Bb8 20. h3 Bh5 21. g4
Bg6 22. h4 h5 23. Qe2 hxg4 24. h5 Bxh5 25. Qxg4 g6 26. Rh4 Kg8 27. Qh3 f5 28.
Bf1 Kg7 29. Be2 Rh8 30. Bxh5 Rxh5 31. Rxh5 gxh5 32. Qxh5 f4 33. Qg4+ Kf6 34.
Ke2 Qg5 35. Qh3 f3+ 36. Kd2 Be5 37. Qd7 Re7 38. Qd8 Bxd4 39. Qxd4+ Qe5 40. Kc3
Rd7 41. Qxe5+ Kxe5 42. Rh1 Kf5 43. Rh5+ Kg4 44. Re5 Kh3 45. Rg5 Rd1 46. b4 Kh2
47. Rg7 a6 48. a4 Rg1 49. Rxb7 Kg2 50. b5 axb5 51. axb5 cxb5 52. Rxb5 Kxf2 53.
Kd4 Kg3 54. c6 f2 55. Rf5 Rc1 56. Kxe4 Rxc6 57. Kd5 Rc3 58. Kd4 Ra3 59. Rf8 Ra1
60. Rxf2 Kxf2 61. e4 61... Kf3 {bily se vzdal} 0-1

[Event "ProMoPro2004"]
[Site "Praha"]
[Date "2004.09.12"]
[Round "2.18"]
[White "Nosek, Filip"]
[Black "Simecek, Bohumil"]
[Result "1/2-1/2"]
[WhiteElo "1927"]
[BlackElo "2113"]
[PlyCount "29"]
[EventDate "2004.09.11"]

1. e4 c6 2. d4 d5 3. Nc3 dxe4 4. Nxe4 Bf5 5. Ng3 Bg6 6. Nf3 Nd7 7. c3 Ngf6 8.
Bd3 Qc7 9. O-O e6 10. Re1 Bxd3 11. Qxd3 Bd6 12. Nf5 O-O 13. Nxd6 Qxd6 14. Qc2
h6 15. Ne5 {remis} 1/2-1/2

[Event "ProMoPro2004"]
[Site "Praha"]
[Date "2004.09.12"]
[Round "2.14"]
[White "Hornicek, Ondrej"]
[Black "Vedral, Oldrich"]
[Result "0-1"]
[WhiteElo "1681"]
[BlackElo "2280"]
[PlyCount "80"]
[EventDate "2004.09.11"]

1. e4 Nf6 2. e5 Nd5 3. d4 d6 4. c4 Nb6 5. Nf3 Bg4 6. Be2 dxe5 7. c5 N6d7 8.
Nxe5 Nxe5 9. Bxg4 Nxg4 10. Qxg4 Nc6 11. Be3 Nb4 12. Qe4 Qd5 13. Qxd5 Nxd5 14.
O-O O-O-O 15. Nd2 e5 16. Nf3 f6 17. dxe5 Nxe3 18. fxe3 Bxc5 19. exf6 Bxe3+ 20.
Kh1 gxf6 21. Rae1 Bc5 22. Re6 Rd6 23. Rxd6 Bxd6 24. Nd2 Re8 25. g3 Re2 26. Nc4
Be5 27. Nxe5 fxe5 28. Rf7 Rxb2 29. Rxh7 c5 30. g4 c4 31. g5 c3 32. Rh8+ Kd7 33.
Rh7+ Kd6 34. Rh6+ Kd5 35. Rh8 c2 36. Rd8+ Ke4 37. Rc8 Rb1+ 38. Kg2 c1=Q 39.
Rxc1 Rxc1 40. g6 40... Rc6 {bily se vzdal} 0-1